| 000 | 00869nam a2200253Ia 4500 | ||
|---|---|---|---|
| 005 | 20150326124530.0 | ||
| 010 | _aBAC-EN21 ENG-111992 | ||
| 020 |
_a9788126536870 _c819.00 |
||
| 035 | _aEN-95524 | ||
| 035 | _aB-584515-540 | ||
| 037 |
_bAsian Book Centre/Ven _adpl |
||
| 037 | _bDBAD/PUB | ||
| 082 | _a547 | ||
| 100 | _aSolomons, T.W.Graham | ||
| 245 |
_aOrganic chemistry / _cby T.W.Graham Solomons [and] Craig B.Fryhle |
||
| 260 |
_c2014 _aNew Delhi _bJohn Wiley |
||
| 270 |
_a4435-36/7 Ansari Road, Daryaganj _bNew Delhi _e110002 |
||
| 300 |
_c24cm(pbk) _axxvii,1164p. : _bill. |
||
| 500 | _aIncludes index | ||
| 650 |
_aChemistry,organic _vTextbooks |
||
| 700 | _aFryhle, Craig B. | ||
| 942 |
_cEN _2ddc _mSOL _h547 |
||
| 999 |
_c88065 _d88065 |
||